Guess the Spinning Country Shapes #2 - Statistics

General Stats
  • This quiz has been taken 473 times
  • The average score is 10 of 16
Answers on the Map
Answers color-coded by a green-red scale on the quiz's map according to % correct below.
 
Answer Stats
Answer % Correct
Cuba
97%
Laos
80%
Switzerland
74%
Cameroon
67%
Malta
67%
Moldova
65%
North Korea
65%
Costa Rica
64%
Slovakia
62%
Bosnia and Herzegovina
61%
Jamaica
61%
Malawi
61%
Paraguay
61%
Gabon
58%
Cambodia
44%
Barbados
42%
No matching quizzes found
Score Distribution
Percent of People with Each Score
Percentile by Number Answered
Your Score History
You have not taken this quiz